000 00458nam a2200157Ia 4500
008 231221s9999 xx 000 0 und d
020 _a9780000000000
041 _aEnglish
082 _a001.6424JAV SIE1;
100 _aSierra, Kathz. Bates, Bert.
245 0 _aSCJP : sun certified programmer for Java 6 study guide
260 _c2008
_bTata McGraw Hill
_aNew Delhi
300 _axxxvi+851
650 _aSCJP,certified,programmer,Java,6
942 _cCD
999 _c209484
_d209484